Statistics for 100 Biggest Cities in Germany

Click here to take the quiz!

General Stats

  • This quiz has been taken 487 times
  • The average score is 39 of 100

Answer Stats

LpCityPopulation% Correct
1.Berlin3 426 354
98%
2.Hamburg1 739 117
97%
5.Frankfurt am Main650 000
94%
3.Munich1 260 391
94%
9.Düsseldorf573 057
88%
7.Stuttgart589 793
88%
15.Dresden486 854
87%
4.Köln963 395
86%
12.Leipzig504 971
85%
8.Dortmund588 462
84%
10.Bremen546 501
83%
6.Essen593 085
79%
11.Hannover515 140
76%
21.Bonn313 125
75%
39.Kiel232 758
73%
22.Mannheim307 960
69%
14.Nürnberg499 237
67%
48.Rostock198 293
65%
51.Mainz184 997
64%
31.Augsburg259 196
63%
43.Freiburg215 966
61%
63.Potsdam145 292
61%
52.Saarbrücken181 227
61%
29.Aachen265 208
60%
20.Bielefeld331 906
59%
17.Bochum385 729
59%
13.Duisburg504 358
58%
19.Wuppertal360 797
57%
27.Münster270 184
56%
44.Lübeck212 207
55%
40.Magdeburg229 826
55%
74.Ulm120 451
54%
34.Chemnitz247 220
52%
45.Erfurt203 254
52%
69.Wolfsburg123 064
52%
64.Heidelberg143 345
51%
30.Mönchengladbach261 742
50%
26.Wiesbaden272 432
50%
58.Leverkusen162 738
47%
92.Jena104 712
46%
28.Gelsenkirchen270 028
45%
73.Ingolstadt120 658
45%
49.Kassel194 501
45%
89.Koblenz107 319
45%
55.Osnabrück166 462
45%
66.Darmstadt140 385
44%
37.Halle234 107
44%
67.Würzburg133 731
43%
98.Trier100 129
40%
35.Braunschweig244 715
39%
81.Bremerhaven117 446
38%
100.Kaiserslautern98 732
38%
59.Oldenburg159 218
37%
71.Göttingen122 149
36%
65.Paderborn142 161
35%
87.Fürth112 025
31%
50.Hamm185 327
30%
36.Krefeld237 984
30%
79.Offenbach119 192
30%
99.Zwickau98 796
30%
93.Gera104 659
29%
57.Ludwigshafen am Rhein163 196
29%
42.Oberhausen219 176
29%
56.Solingen164 359
26%
72.Heilbronn120 733
25%
47.Hagen198 972
24%
96.Erlangen102 675
22%
75.Bottrop119 909
20%
95.Hildesheim103 052
20%
60.Neuss152 457
20%
78.Pforzheim119 313
20%
90.Siegen107 242
20%
86.Reutlingen112 627
19%
54.Mülheim171 000
18%
70.Recklinghausen122 438
18%
91.Bergisch Gladbach106 184
16%
53.Herne172 108
16%
97.Witten101 247
15%
88.Moers107 816
13%
82.Remscheid117 118
12%
33.Altona250 192
3%
76.Charlottenburg119 857
3%
62.Kreuzberg147 532
2%
80.Friedrichshain117 829
1%
25.Hamburg-Nord280 000
1%
46.Harburg202 571
1%
94.Marzahn103 768
1%
85.Nippes113 487
1%
77.Bergedorf119 665
0%
83.Berlin Schöneberg116 286
0%
18.Bochum-Hordel380 000
0%
32.Eimsbüttel251 907
0%
38.Hamburg-Mitte233 144
0%
24.Karisruhe283 799
0%
23.Marienthal287 101
0%
41.Neue Neustadt226 851
0%
61.Prenzlauer Berg148 878
0%
68.Ragensburg129 151
0%
84.Schöneberg115 976
0%
16.Wandsbek411 422
0%

Score Distribution

Percentile by Number Answered

Percent of People with Each Score

Your Score History

You have not taken this quiz